000
00256nam a2200097Ia 4500
008
220204s9999 xx 000 0 und d
082
_a
355
_b
BRI
245
0
_a
British war production 1939-1945: A record
260
_a
London
_b
Printing House
_c
1945
942
_c
BK
999
_c
20091
_d
20091